Airline Callsigns - Statistics

General Stats
  • This quiz has been taken 27 times
    22 since last reset
  • The average score is 26 of 80
Answer Stats
Callsign Airline % Correct
Iceair Icelandair
93%
Shamrock Aer Lingus
87%
Speedbird British Airways
87%
Qatari Qatar
73%
Tarom Tarom
67%
Beeline Brussels Airlines
60%
Q-link Qantas Link
60%
Spirit Wings Spirit Airlines
60%
Clipper Pan Am
53%
Uzbek Uzbekistan Airways
53%
Dynasty China Airlines
47%
Lan Chile LATAM Chile
47%
Lan Peru LATAM Peru
47%
Spring Bok South African
47%
Tunair Tunisair
47%
Cactus US Airways
47%
German Cargo Aerologic
40%
Dragon Cathay Dragon
40%
Csa Czech airlines
40%
Antonov Bureau Antonov Airlines
33%
Quality ASL Belgium
33%
Azal Azerbaijan Airlines
33%
Alpine EasyJet Europe
33%
Hansaline Lufthansa Cityline
33%
Siberian S7
33%
Saudia Saudi Arabian
33%
Stobart Aer Lingus Regional
27%
Alfa wing ANA Wings
27%
Giant Atlas air
27%
Lacsa Avianca Costa Rica
27%
Taca Avianca El Salvador
27%
Flying Bulgaria Bulgaria air
27%
Cargo king China Cargo Airlines
27%
Top Swiss EasyJet Switzerland
27%
Jersey FlyBe
27%
Bauhinia Hong Kong Airlines
27%
Ifly Indigo
27%
Orange Liner Jetstar Japan
27%
Connie Kalitta Air
27%
Black Sea MNG airlines
27%
Moon Flower Neos
27%
Blue Streak PSA Airlines
27%
Brickyard Republic Airlines
27%
Silver Wings Silver Airlines
27%
Go Cat Tigerair
27%
Orange TUI Netherlands
27%
Brown tail Ups (old)
27%
Redwood Virgin America
27%
Costa Rican Volaris Costa Rica
27%
Costera Aeromexico Connect
20%
Red Cap AirAsia
20%
Xanadu AirAsia X
20%
Khaki Blue Air South
20%
Tampa Avianca Cargo
20%
Show Me Baron Aviation Services
20%
Capital Jet Beijing Capital Airlines
20%
Bealine British European Airways
20%
Empress Canadian North
20%
Challenge Cargo Centurion air Cargo
20%
Jet Card Delta Private Jets
20%
Purple Flyadeal
20%
Jedi JetStory
20%
Big Stripe JSX
20%
Martex Martinaire
20%
Mas Carga Mas Air
20%
Cedar Jet Middle Eastern Airlines
20%
Netlink Network Aviation
20%
Empire Ohana
20%
Pasco Pacific Coastal Airlines
20%
Shun Feng SF Airlines
20%
Sing Cargo Singapore Airlines Cargo
20%
Sky Cube SkyLease Cargo
20%
Friendly Southern Airways Express
20%
Toll Freight Toll Airlines
20%
Beauty TUI Belgium
20%
Glory Uni Air
20%
Velocity Virgin Austrailia
20%
Aeroenlaces VivaAerobus
20%
Pullman Wamos air
20%
Encore WestJet Encore
20%
No matching quizzes found
Score Distribution
Percent of People with Each Score
Percentile by Number Answered
Your Score History
You have not taken this quiz since the last reset